[Event "ODJM B 2025"]
[Site "Willingen GER"]
[Date "2025.06.09"]
[Round "3"]
[White "Klemm, Julian"]
[Black "Reuß, Till-Christopher"]
[Result "0-1"]
[Termination "normal"]
[Board "15"]
[WhiteElo "1540"]
[BlackElo "1845"]
[WhiteClock "00:19:22"]
[BlackClock "00:44:39"]
[PlyCount "46"]
[WhiteFideId "533001901"]
[BlackFideId "533011524"]
[EventCountry "GER"]
[EventRounds "9"]
[EventType "swiss"]
[EventDate "2025.06.07"]

1. e4 {[%clk 01:30:50]} {[%emt 00:00:08]} e5 {[%clk 01:30:55]} {[%emt
00:00:06]} 2. Nf3 {[%clk 01:30:52]} {[%emt 00:00:28]} Nc6 {[%clk 01:30:26]}
{[%emt 00:00:52]} 3. Bb5 {[%clk 01:31:02]} {[%emt 00:00:27]} a6 {[%clk
01:30:48]} {[%emt 00:00:08]} 4. Ba4 {[%clk 01:31:20]} {[%emt 00:00:12]} Nf6
{[%clk 01:31:07]} {[%emt 00:00:12]} 5. O-O {[%clk 01:31:27]} {[%emt 00:00:23]}
b5 {[%clk 01:31:30]} {[%emt 00:00:06]} 6. Bb3 {[%clk 01:31:48]} {[%emt
00:00:09]} Bc5 {[%clk 01:31:50]} {[%emt 00:00:07]} 7. Re1 {[%clk 01:32:02]}
{[%emt 00:00:18]} d6 {[%clk 01:31:34]} {[%emt 00:00:47]} 8. c3 {[%clk
01:31:53]} {[%emt 00:00:40]} O-O {[%clk 01:30:03]} {[%emt 00:01:59]} 9. h3
{[%clk 01:31:55]} {[%emt 00:00:29]} Bb7 {[%clk 01:27:34]} {[%emt 00:02:59]} 10.
d3 {[%clk 01:31:33]} {[%emt 00:00:52]} Ne7 {[%clk 01:24:14]} {[%emt 00:03:49]}
11. Nbd2 {[%clk 01:29:41]} {[%emt 00:02:23]} Ng6 {[%clk 01:23:32]} {[%emt
00:01:12]} 12. Nf1 {[%clk 01:29:00]} {[%emt 00:01:11]} h6 {[%clk 01:09:29]}
{[%emt 00:14:34]} 13. Ng3 {[%clk 01:28:15]} {[%emt 00:01:14]} Re8 {[%clk
01:07:38]} {[%emt 00:02:21]} 14. Nf5 {[%clk 01:10:14]} {[%emt 00:18:30]} d5
{[%clk 01:03:57]} {[%emt 00:04:12]} 15. exd5 {[%clk 01:08:30]} {[%emt
00:02:14]} Nxd5 {[%clk 01:02:00]} {[%emt 00:02:27]} 16. d4 {[%clk 00:53:29]}
{[%emt 00:15:32]} exd4 {[%clk 00:58:31]} {[%emt 00:03:59]} 17. N5xd4 {[%clk
00:51:36]} {[%emt 00:02:22]} Qf6 {[%clk 00:55:35]} {[%emt 00:03:26]} 18. Bd2
{[%clk 00:41:54]} {[%emt 00:10:12]} Ndf4 {[%clk 00:54:42]} {[%emt 00:01:22]}
19. Bxf4 {[%clk 00:40:37]} {[%emt 00:01:47]} Nxf4 {[%clk 00:54:09]} {[%emt
00:01:03]} 20. Qc2 {[%clk 00:34:05]} {[%emt 00:07:01]} Nxg2 {[%clk 00:49:09]}
{[%emt 00:05:31]} 21. Kxg2 {[%clk 00:19:20]} {[%emt 00:15:16]} Bxd4 {[%clk
00:49:10]} {[%emt 00:00:29]} 22. Qd3 {[%clk 00:19:36]} {[%emt 00:00:14]} Bb6
{[%clk 00:44:39]} {[%emt 00:05:00]} 23. Re2 {[%clk 00:19:22]} {[%emt 00:00:44]}
Red8 {[%emt 00:06:47]} 0-1

[Event "ODJM B 2025"]
[Site "Willingen GER"]
[Date "2025.06.09"]
[Round "3"]
[White "Özkurt, Kaan"]
[Black "Hesse, Lucas"]
[Result "1-0"]
[Termination "normal"]
[Board "16"]
[WhiteElo "1779"]
[BlackElo "1508"]
[WhiteClock "00:33:14"]
[BlackClock "00:37:39"]
[PlyCount "71"]
[WhiteFideId "34655182"]
[BlackFideId "16261330"]
[EventCountry "GER"]
[EventRounds "9"]
[EventType "swiss"]
[EventDate "2025.06.07"]

1. e4 {[%clk 01:30:58]} {[%emt 00:00:02]} d5 {[%clk 01:30:30]} {[%emt
00:00:30]} 2. exd5 {[%clk 01:31:20]} {[%emt 00:00:08]} Qxd5 {[%clk 01:30:56]}
{[%emt 00:00:04]} 3. Nc3 {[%clk 01:31:43]} {[%emt 00:00:06]} Qa5 {[%clk
01:31:18]} {[%emt 00:00:09]} 4. Bc4 {[%clk 01:31:14]} {[%emt 00:00:59]} Nf6
{[%clk 01:31:14]} {[%emt 00:00:35]} 5. d3 {[%clk 01:31:28]} {[%emt 00:00:15]}
c6 {[%clk 01:31:34]} {[%emt 00:00:11]} 6. Bd2 {[%clk 01:31:39]} {[%emt
00:00:19]} Qc7 {[%clk 01:31:55]} {[%emt 00:00:08]} 7. Qe2 {[%clk 01:31:50]}
{[%emt 00:00:18]} Bg4 {[%clk 01:31:10]} {[%emt 00:01:16]} 8. f3 {[%clk
01:32:13]} {[%emt 00:00:07]} Bh5 {[%clk 01:30:44]} {[%emt 00:00:56]} 9. g4
{[%clk 01:31:23]} {[%emt 00:01:20]} Bg6 {[%clk 01:30:15]} {[%emt 00:00:59]} 10.
f4 {[%clk 01:31:01]} {[%emt 00:00:51]} h6 {[%clk 01:28:26]} {[%emt 00:02:20]}
11. f5 {[%clk 01:31:01]} {[%emt 00:00:31]} Bh7 {[%clk 01:28:08]} {[%emt
00:00:47]} 12. O-O-O {[%clk 01:11:33]} {[%emt 00:19:57]} Nbd7 {[%clk 01:21:07]}
{[%emt 00:07:32]} 13. Ne4 {[%clk 01:09:34]} {[%emt 00:02:29]} g6 {[%clk
01:12:19]} {[%emt 00:09:18]} 14. Rf1 {[%clk 01:09:17]} {[%emt 00:00:47]} h5
{[%clk 01:06:22]} {[%emt 00:06:27]} 15. Bf4 {[%clk 01:07:52]} {[%emt 00:01:55]}
Qb6 {[%clk 00:54:15]} {[%emt 00:12:37]} 16. Nd6+ {[%clk 01:07:41]} {[%emt
00:00:41]} Kd8 {[%clk 00:54:36]} {[%emt 00:00:10]} 17. Nxf7+ {[%clk 01:07:48]}
{[%emt 00:00:23]} Kc8 {[%clk 00:54:53]} {[%emt 00:00:12]} 18. Nxh8 {[%clk
01:06:58]} {[%emt 00:01:20]} gxf5 {[%clk 00:55:12]} {[%emt 00:00:12]} 19. gxh5
{[%clk 01:05:39]} {[%emt 00:01:49]} Bg7 {[%clk 00:54:05]} {[%emt 00:01:36]} 20.
Be3 {[%clk 00:56:55]} {[%emt 00:09:14]} c5 {[%clk 00:53:31]} {[%emt 00:01:05]}
21. Ng6 {[%clk 00:48:08]} {[%emt 00:09:16]} Bxg6 {[%clk 00:50:30]} {[%emt
00:03:31]} 22. hxg6 {[%clk 00:48:32]} {[%emt 00:00:06]} Ng4 {[%clk 00:50:52]}
{[%emt 00:00:08]} 23. c3 {[%clk 00:47:26]} {[%emt 00:01:36]} Qxg6 {[%clk
00:50:52]} {[%emt 00:00:30]} 24. Bd2 {[%clk 00:40:05]} {[%emt 00:07:51]} Nge5
{[%clk 00:45:22]} {[%emt 00:06:00]} 25. Bb3 {[%clk 00:38:39]} {[%emt 00:01:56]}
c4 {[%clk 00:41:00]} {[%emt 00:04:52]} 26. Bxc4 {[%clk 00:37:51]} {[%emt
00:01:19]} Nxc4 {[%clk 00:41:09]} {[%emt 00:00:20]} 27. dxc4 {[%clk 00:38:17]}
{[%emt 00:00:04]} Ne5 {[%clk 00:41:17]} {[%emt 00:00:22]} 28. Nf3 {[%clk
00:37:20]} {[%emt 00:01:26]} Qd6 {[%clk 00:39:34]} {[%emt 00:02:14]} 29. Nxe5
{[%clk 00:36:12]} {[%emt 00:01:39]} Bxe5 {[%clk 00:39:31]} {[%emt 00:00:33]}
30. Rxf5 {[%clk 00:36:21]} {[%emt 00:00:20]} Bf6 {[%clk 00:39:51]} {[%emt
00:00:10]} 31. Re1 {[%clk 00:34:53]} {[%emt 00:01:58]} e5 {[%clk 00:38:56]}
{[%emt 00:01:24]} 32. Qf3 {[%clk 00:32:21]} {[%emt 00:03:02]} Bg7 {[%clk
00:37:48]} {[%emt 00:01:40]} 33. Qd5 {[%clk 00:32:30]} {[%emt 00:00:20]} Bf8
{[%clk 00:36:57]} {[%emt 00:01:21]} 34. Qxd6 {[%clk 00:32:26]} {[%emt
00:00:34]} Bxd6 {[%clk 00:37:20]} {[%emt 00:00:06]} 35. Rexe5 {[%clk 00:32:49]}
{[%emt 00:00:08]} Bxe5 {[%clk 00:37:39]} {[%emt 00:00:11]} 36. Rf8+ {[%clk
00:33:14]} 1-0

[Event "ODJM B 2025"]
[Site "Willingen GER"]
[Date "2025.06.09"]
[Round "3"]
[White "Harbring, Thorben"]
[Black "Yang, Markus"]
[Result "0-1"]
[Termination "normal"]
[Board "17"]
[WhiteElo "1755"]
[BlackElo "1706"]
[WhiteClock "01:01:04"]
[BlackClock "00:29:33"]
[PlyCount "64"]
[WhiteFideId "34607110"]
[BlackFideId "16206550"]
[EventCountry "GER"]
[EventRounds "9"]
[EventType "swiss"]
[EventDate "2025.06.07"]

1. d4 {[%clk 01:30:57]} {[%emt 00:00:02]} Nf6 {[%clk 01:30:51]} {[%emt
00:00:10]} 2. e3 {[%clk 01:31:14]} {[%emt 00:00:13]} e6 {[%clk 01:30:13]}
{[%emt 00:01:07]} 3. Bd3 {[%clk 01:31:35]} {[%emt 00:00:09]} Be7 {[%clk
01:29:56]} {[%emt 00:00:47]} 4. c3 {[%clk 01:31:53]} {[%emt 00:00:12]} b6
{[%clk 01:29:41]} {[%emt 00:00:46]} 5. f4 {[%clk 01:32:12]} {[%emt 00:00:10]}
Bb7 {[%clk 01:29:19]} {[%emt 00:00:53]} 6. Nf3 {[%clk 01:32:34]} {[%emt
00:00:07]} d6 {[%clk 01:27:31]} {[%emt 00:02:18]} 7. O-O {[%clk 01:32:37]}
{[%emt 00:00:27]} Nbd7 {[%clk 01:27:07]} {[%emt 00:00:55]} 8. Nbd2 {[%clk
01:32:14]} {[%emt 00:00:52]} O-O {[%clk 01:25:21]} {[%emt 00:02:16]} 9. Qc2
{[%clk 01:32:00]} {[%emt 00:00:45]} Nd5 {[%clk 01:21:35]} {[%emt 00:04:16]} 10.
Nc4 {[%clk 01:28:56]} {[%emt 00:03:32]} h6 {[%clk 01:15:19]} {[%emt 00:06:48]}
11. e4 {[%clk 01:23:48]} {[%emt 00:05:38]} N5f6 {[%clk 01:14:41]} {[%emt
00:01:08]} 12. e5 {[%clk 01:19:58]} {[%emt 00:04:20]} Nd5 {[%clk 01:12:08]}
{[%emt 00:03:02]} 13. Bd2 {[%clk 01:15:39]} {[%emt 00:04:49]} a5 {[%clk
01:05:15]} {[%emt 00:07:23]} 14. Rae1 {[%clk 01:14:05]} {[%emt 00:02:04]} b5
{[%clk 01:02:52]} {[%emt 00:02:54]} 15. Na3 {[%clk 01:11:00]} {[%emt 00:03:34]}
dxe5 {[%clk 00:59:37]} {[%emt 00:03:44]} 16. fxe5 {[%clk 01:10:43]} {[%emt
00:00:48]} b4 {[%clk 00:56:10]} {[%emt 00:03:58]} 17. Nc4 {[%clk 01:08:34]}
{[%emt 00:02:38]} c5 {[%clk 00:54:01]} {[%emt 00:02:40]} 18. Qc1 {[%clk
01:08:05]} {[%emt 00:00:58]} bxc3 {[%clk 00:51:19]} {[%emt 00:03:12]} 19. bxc3
{[%clk 01:08:18]} {[%emt 00:00:17]} cxd4 {[%clk 00:48:46]} {[%emt 00:03:04]}
20. cxd4 {[%clk 01:08:28]} {[%emt 00:00:19]} Bb4 {[%clk 00:42:47]} {[%emt
00:06:29]} 21. Bxh6 {[%clk 01:01:24]} {[%emt 00:07:34]} Bxe1 {[%clk 00:39:38]}
{[%emt 00:03:39]} 22. Bxg7 {[%clk 01:00:55]} {[%emt 00:01:00]} Kxg7 {[%clk
00:38:58]} {[%emt 00:01:09]} 23. Qxe1 {[%clk 01:01:13]} {[%emt 00:00:12]} Nf4
{[%clk 00:34:48]} {[%emt 00:04:41]} 24. Qg3+ {[%clk 01:00:17]} {[%emt
00:01:25]} Ng6 {[%clk 00:33:17]} {[%emt 00:02:00]} 25. Nh4 {[%clk 01:00:37]}
{[%emt 00:00:10]} Qxh4 {[%clk 00:32:20]} {[%emt 00:01:28]} 26. Rxf7+ {[%clk
01:00:53]} {[%emt 00:00:14]} Rxf7 {[%clk 00:31:06]} {[%emt 00:01:44]} 27. Qxg6+
{[%clk 01:01:03]} {[%emt 00:00:19]} Kf8 {[%clk 00:31:14]} {[%emt 00:00:24]} 28.
h3 {[%clk 01:00:59]} {[%emt 00:00:33]} Qxd4+ {[%clk 00:30:38]} {[%emt
00:01:06]} 29. Kh1 {[%clk 01:01:18]} {[%emt 00:00:11]} Rg7 {[%clk 00:29:13]}
{[%emt 00:01:55]} 30. Qxe6 {[%clk 01:00:13]} {[%emt 00:01:35]} Bxg2+ {[%clk
00:29:21]} {[%emt 00:00:22]} 31. Kh2 {[%clk 01:00:37]} {[%emt 00:00:05]} Qf4+
{[%clk 00:29:28]} {[%emt 00:00:21]} 32. Kg1 {[%clk 01:01:04]} {[%emt 00:00:05]}
Bxh3+ {[%clk 00:29:33]} {[%emt 00:00:25]} 0-1

[Event "ODJM B 2025"]
[Site "Willingen GER"]
[Date "2025.06.09"]
[Round "3"]
[White "Moldovan, Tatiana"]
[Black "Göb, Franziska"]
[Result "1-0"]
[Termination "normal"]
[Board "18"]
[WhiteElo "1780"]
[BlackElo "1611"]
[WhiteClock "00:39:47"]
[BlackClock "00:05:02"]
[PlyCount "85"]
[WhiteFideId "16287398"]
[BlackFideId "16293177"]
[EventCountry "GER"]
[EventRounds "9"]
[EventType "swiss"]
[EventDate "2025.06.07"]

1. e4 {[%clk 01:30:58]} {[%emt 00:00:02]} e5 {[%clk 01:30:56]} {[%emt
00:00:03]} 2. Nf3 {[%clk 01:31:22]} {[%emt 00:00:06]} d6 {[%clk 01:31:23]}
{[%emt 00:00:04]} 3. d4 {[%clk 01:31:32]} {[%emt 00:00:20]} Nd7 {[%clk
01:31:39]} {[%emt 00:00:14]} 4. Nc3 {[%clk 01:31:55]} {[%emt 00:00:08]} c6
{[%clk 01:20:40]} {[%emt 00:11:28]} 5. a4 {[%clk 01:30:07]} {[%emt 00:02:18]}
Be7 {[%clk 01:19:06]} {[%emt 00:02:03]} 6. Bc4 {[%clk 01:30:23]} {[%emt
00:00:14]} h6 {[%clk 01:18:25]} {[%emt 00:01:12]} 7. b3 {[%clk 01:30:34]}
{[%emt 00:00:20]} Ngf6 {[%clk 01:17:33]} {[%emt 00:01:21]} 8. Bb2 {[%clk
01:30:46]} {[%emt 00:00:18]} Qc7 {[%clk 01:15:47]} {[%emt 00:02:15]} 9. O-O
{[%clk 01:30:53]} {[%emt 00:00:24]} O-O {[%clk 01:15:25]} {[%emt 00:00:52]} 10.
Re1 {[%clk 01:29:26]} {[%emt 00:01:57]} Re8 {[%clk 01:13:57]} {[%emt 00:01:58]}
11. Rb1 {[%clk 01:22:57]} {[%emt 00:06:58]} a5 {[%clk 01:08:55]} {[%emt
00:05:33]} 12. Qd2 {[%clk 01:07:56]} {[%emt 00:15:31]} Bf8 {[%clk 00:57:06]}
{[%emt 00:12:18]} 13. Nh4 {[%clk 00:53:47]} {[%emt 00:14:41]} exd4 {[%clk
00:40:47]} {[%emt 00:16:48]} 14. Qxd4 {[%clk 00:53:28]} {[%emt 00:00:49]} Nc5
{[%clk 00:36:48]} {[%emt 00:04:29]} 15. Ba3 {[%clk 00:49:17]} {[%emt 00:04:41]}
Ne6 {[%clk 00:33:23]} {[%emt 00:03:54]} 16. Qd2 {[%clk 00:46:48]} {[%emt
00:03:00]} d5 {[%clk 00:24:33]} {[%emt 00:09:20]} 17. Bxf8 {[%clk 00:45:54]}
{[%emt 00:01:24]} Rxf8 {[%clk 00:20:50]} {[%emt 00:04:14]} 18. exd5 {[%clk
00:42:52]} {[%emt 00:03:31]} Qd8 {[%clk 00:15:45]} {[%emt 00:05:34]} 19. Nf3
{[%clk 00:42:01]} {[%emt 00:01:22]} cxd5 {[%clk 00:14:36]} {[%emt 00:01:38]}
20. Nxd5 {[%clk 00:41:51]} {[%emt 00:00:41]} Nxd5 {[%clk 00:13:42]} {[%emt
00:01:24]} 21. Qxd5 {[%clk 00:41:54]} {[%emt 00:00:26]} Qf6 {[%clk 00:13:29]}
{[%emt 00:00:43]} 22. Qe5 {[%clk 00:41:49]} {[%emt 00:00:35]} Qxe5 {[%clk
00:12:40]} {[%emt 00:01:19]} 23. Nxe5 {[%clk 00:42:12]} {[%emt 00:00:08]} Re8
{[%clk 00:09:46]} {[%emt 00:03:24]} 24. Rbd1 {[%clk 00:41:50]} {[%emt
00:00:52]} b6 {[%clk 00:07:17]} {[%emt 00:03:00]} 25. f3 {[%clk 00:40:24]}
{[%emt 00:01:55]} Ba6 {[%clk 00:06:28]} {[%emt 00:01:19]} 26. Kf2 {[%clk
00:37:24]} {[%emt 00:03:29]} Bxc4 {[%clk 00:03:53]} {[%emt 00:03:06]} 27. Nxc4
{[%clk 00:37:47]} {[%emt 00:00:07]} Reb8 {[%clk 00:03:22]} {[%emt 00:01:00]}
28. Re5 {[%clk 00:36:47]} {[%emt 00:01:31]} Rc8 {[%clk 00:02:44]} {[%emt
00:01:07]} 29. Rd2 {[%clk 00:36:39]} {[%emt 00:00:38]} Rab8 {[%clk 00:02:51]}
{[%emt 00:00:24]} 30. Rb5 {[%clk 00:36:48]} {[%emt 00:00:21]} Kf8 {[%clk
00:01:21]} {[%emt 00:02:00]} 31. Nxb6 {[%clk 00:36:57]} {[%emt 00:00:21]} Rd8
{[%clk 00:01:19]} {[%emt 00:00:30]} 32. Nd7+ {[%clk 00:36:36]} {[%emt
00:00:52]} Ke7 {[%clk 00:01:40]} {[%emt 00:00:09]} 33. Rxb8 {[%clk 00:37:01]}
{[%emt 00:00:06]} Rxd7 {[%clk 00:01:51]} {[%emt 00:00:19]} 34. Rxd7+ {[%clk
00:37:24]} {[%emt 00:00:07]} Kxd7 {[%clk 00:02:15]} {[%emt 00:00:05]} 35. Rb7+
{[%clk 00:37:36]} {[%emt 00:00:18]} Nc7 {[%clk 00:02:33]} {[%emt 00:00:13]} 36.
Ra7 {[%clk 00:37:58]} {[%emt 00:00:08]} Kc6 {[%clk 00:02:48]} {[%emt 00:00:14]}
37. Rxa5 {[%clk 00:38:17]} {[%emt 00:00:12]} Kb6 {[%clk 00:03:03]} {[%emt
00:00:14]} 38. Rb5+ {[%clk 00:38:13]} {[%emt 00:00:35]} Nxb5 {[%clk 00:03:27]}
{[%emt 00:00:06]} 39. axb5 {[%clk 00:38:38]} {[%emt 00:00:05]} Kxb5 {[%clk
00:03:53]} {[%emt 00:00:04]} 40. c4+ {[%clk 00:38:59]} {[%emt 00:00:09]} Kc5
{[%clk 00:04:18]} {[%emt 00:00:05]} 41. Ke3 {[%clk 00:39:23]} {[%emt 00:00:06]}
f6 {[%clk 00:04:42]} {[%emt 00:00:05]} 42. Ke4 {[%clk 00:39:27]} {[%emt
00:00:27]} g6 {[%clk 00:05:02]} {[%emt 00:00:10]} 43. g4 {[%clk 00:39:47]}
{[%emt 00:00:09]} 1-0

[Event "ODJM B 2025"]
[Site "Willingen GER"]
[Date "2025.06.09"]
[Round "3"]
[White "Berger, Friedrich Richard"]
[Black "Schmidt, Sophie"]
[Result "1-0"]
[Termination "normal"]
[Board "19"]
[WhiteElo "1723"]
[BlackElo "1613"]
[WhiteClock "00:41:43"]
[BlackClock "00:14:09"]
[PlyCount "49"]
[WhiteFideId "34663169"]
[BlackFideId "34682503"]
[EventCountry "GER"]
[EventRounds "9"]
[EventType "swiss"]
[EventDate "2025.06.07"]

1. e4 {[%clk 01:30:57]} {[%emt 00:00:03]} e5 {[%clk 01:30:55]} {[%emt
00:00:06]} 2. Nf3 {[%clk 01:31:20]} {[%emt 00:00:06]} Nc6 {[%clk 01:31:15]}
{[%emt 00:00:10]} 3. Bc4 {[%clk 01:31:37]} {[%emt 00:00:13]} Bc5 {[%clk
01:31:08]} {[%emt 00:00:37]} 4. c3 {[%clk 01:31:45]} {[%emt 00:00:22]} Nf6
{[%clk 01:31:22]} {[%emt 00:00:16]} 5. d4 {[%clk 01:30:29]} {[%emt 00:01:47]}
exd4 {[%clk 01:31:30]} {[%emt 00:00:21]} 6. b4 {[%clk 01:30:42]} {[%emt
00:00:17]} Bb6 {[%clk 01:27:26]} {[%emt 00:04:34]} 7. e5 {[%clk 01:30:47]}
{[%emt 00:00:25]} d5 {[%clk 01:25:10]} {[%emt 00:02:47]} 8. exf6 {[%clk
01:30:54]} {[%emt 00:00:22]} dxc4 {[%clk 01:17:19]} {[%emt 00:08:21]} 9. Qe2+
{[%clk 01:30:05]} {[%emt 00:01:19]} Be6 {[%clk 01:14:51]} {[%emt 00:02:59]} 10.
b5 {[%clk 01:29:59]} {[%emt 00:00:36]} d3 {[%clk 01:09:04]} {[%emt 00:06:17]}
11. Qe4 {[%clk 01:27:56]} {[%emt 00:02:32]} Na5 {[%clk 01:05:33]} {[%emt
00:04:01]} 12. fxg7 {[%clk 01:23:45]} {[%emt 00:04:41]} Rg8 {[%clk 01:02:15]}
{[%emt 00:03:49]} 13. Bg5 {[%clk 01:19:40]} {[%emt 00:04:34]} Qd5 {[%clk
00:54:25]} {[%emt 00:08:21]} 14. Qxh7 {[%clk 01:15:09]} {[%emt 00:05:00]} Kd7
{[%clk 00:53:21]} {[%emt 00:01:34]} 15. O-O {[%clk 01:05:34]} {[%emt 00:10:05]}
Qxb5 {[%clk 00:46:27]} {[%emt 00:07:25]} 16. Nbd2 {[%clk 00:56:53]} {[%emt
00:09:11]} Rae8 {[%clk 00:42:36]} {[%emt 00:04:21]} 17. Ne4 {[%clk 00:52:31]}
{[%emt 00:04:51]} Kc8 {[%clk 00:29:49]} {[%emt 00:13:18]} 18. Nf6 {[%clk
00:48:31]} {[%emt 00:04:30]} Bf5 {[%clk 00:28:21]} {[%emt 00:01:57]} 19. Qxg8
{[%clk 00:43:20]} {[%emt 00:05:41]} Rxg8 {[%clk 00:28:04]} {[%emt 00:00:48]}
20. Nxg8 {[%clk 00:43:42]} {[%emt 00:00:07]} Bh7 {[%clk 00:24:22]} {[%emt
00:04:12]} 21. Nf6 {[%clk 00:42:26]} {[%emt 00:01:46]} Qf5 {[%clk 00:23:53]}
{[%emt 00:00:59]} 22. Rfe1 {[%clk 00:42:09]} {[%emt 00:00:47]} c6 {[%clk
00:15:57]} {[%emt 00:08:26]} 23. Re8+ {[%clk 00:41:46]} {[%emt 00:00:53]} Kc7
{[%clk 00:16:00]} {[%emt 00:00:28]} 24. Nxh7 {[%clk 00:41:36]} {[%emt
00:00:39]} Qxh7 {[%clk 00:14:09]} {[%emt 00:02:22]} 25. g8=Q {[%clk 00:41:43]}
{[%emt 00:00:23]} 1-0